| 000 | 00968cam a2200301 i 4500 | ||
|---|---|---|---|
| 001 | 200447705 | ||
| 003 | TR-AnTOB | ||
| 005 | 20251105132242.0 | ||
| 007 | ta | ||
| 008 | 220223s1998 tu a 000 0 tur d | ||
| 020 | _a9756918012 | ||
| 040 |
_aTR-AnTOB _beng _erda _cTR-AnTOB |
||
| 041 | 0 | _atur | |
| 050 |
_aHC493.Ş57 _bŞ57 1998 |
||
| 090 |
_aTOBBK HC493.Ş57 _bŞ57 1998 |
||
| 245 | 0 | 0 | _aŞırnak sanayi potansiyeli ve yatırım alanları araştırması. |
| 264 | 1 |
_aAnkara : _bSanayi ve Ticaret Bakanlığı, _c1998. |
|
| 300 |
_a65 pages : _billustrations, graphics ; _c29 cm |
||
| 336 |
_btxt _atext _2rdacontent |
||
| 337 |
_aunmediated _bn _2rdamedia |
||
| 338 |
_avolume _2rdacarrier _bnc |
||
| 490 | 0 | _aSanayi ve Ticaret Bakanlığı ; | |
| 651 | 0 |
_aŞırnak (Türkiye) _xEkonomik durum _954810 |
|
| 651 | 0 |
_aŞırnak (Türkiye) _xSosyal durum _954809 |
|
| 942 |
_2z _cBK |
||
| 999 |
_c200447705 _d65917 |
||